00277nam a2200121Ia 4500008004100000041000800041082001500049100001000064245002400074260002700098300002300125365000700148240624s9999 xx 000 0 und d aeng a302.35 IGN aIGNOU aROLE OF A MANAGER 1 c2007aNew DelhibIGNOU a63 : p. : cm. ; 26 cRS